| 000 | 00732nam a2200229 a 4500 | ||
|---|---|---|---|
| 001 | 62585 | ||
| 005 | 20180714064653.0 | ||
| 008 | 150518s2012 mx a r 000 0 spa d | ||
| 020 | _a978-968-26-0073-9 | ||
| 041 | _aspa | ||
| 082 | 0 |
_a541 _bFRE |
|
| 100 | 1 |
_aFrey, Paul Reheard _eautor |
|
| 245 | 1 | 0 |
_aProblemas de química y cómo resolverlos / _cPaul R. Frey. |
| 250 | _aPrimera edición | ||
| 264 | 1 |
_aMéxico : _bGrupo Editorial Patria, _c2012 |
|
| 300 |
_a319 páginas : _bilustraciones ; _c23 cm. |
||
| 336 |
_atexto _2rdacontent |
||
| 337 |
_asin mediación _2rdamedia |
||
| 338 |
_avolumen _2rdacarrier |
||
| 500 | _a(ISBN 13 dígitos, cambio de portada) | ||
| 650 | 0 |
_aQuímica _xProblemas y ejercicios |
|
| 999 |
_c62585 _d62585 |
||